Guess the 1960s song lyrics #34 - Statistics

General Stats
  • This quiz has been taken 28 times
  • The average score is 146 of 268
Answer Stats
Answer % Correct
a
96%
I
96%
the
96%
my
92%
My
92%
When
88%
and
85%
And
85%
in
85%
it
85%
me
81%
then
81%
that
77%
I'm
73%
as
69%
on
69%
what
69%
all
65%
get
65%
know
65%
this
65%
down
62%
if
62%
I've
62%
just
62%
out
62%
up
62%
been
58%
can't
58%
heart
58%
of
58%
You're
58%
But
54%
but
54%
life
54%
people
54%
say
54%
time
54%
one
50%
over
50%
right
50%
Some
50%
That's
50%
that's
50%
don't
46%
gonna
42%
here
42%
let
42%
said
42%
their
42%
come
38%
high
38%
I'd
38%
May
38%
may
38%
think
38%
was
38%
won't
38%
die
35%
nothing
35%
there's
35%
thing
35%
world
35%
back
31%
ball
31%
find
31%
keeps
31%
myself
31%
seem
31%
thought
31%
top
31%
April
27%
around
27%
didn't
27%
Each
27%
June
27%
king
27%
Many
27%
try
27%
big
23%
buy
23%
Cause
23%
change
23%
dream
23%
fly
23%
July
23%
kicks
23%
pick
23%
riding
23%
shot
23%
times
23%
ain't
19%
old
19%
pauper
19%
race
19%
roll
19%
tell
19%
deny
15%
face
15%
fine
15%
flat
15%
pawn
15%
pirate
15%
puppet
15%
quitting
15%
spinning
15%
tune
15%
baby
12%
funny
12%
poet
12%
single
12%
stompin
12%
worth
12%
bird
8%
shaking
8%
cutting
4%
jump
4%
laying
4%
ya
4%
No matching quizzes found
Score Distribution
Percent of People with Each Score
Percentile by Number Answered
Your Score History
You have not taken this quiz